Capital Cities that are also the 2nd Biggest Cities - Statistics

General Stats
  • This quiz has been taken 42 times
  • The average score is 6 of 16
Answer Stats
Begins with Answer % Correct
a Ankara
74%
w Wellington
74%
h Hanoi
61%
q Quito
61%
a Astana
55%
a Abu Dhabi
47%
b Beijing
39%
m Manila
34%
y Yaounde
32%
v Vaduz
29%
s Suva
24%
d Damascus
16%
m Malabo
16%
p Palikir
13%
k Khartoum
11%
m Mbabane
3%
No matching quizzes found
Score Distribution
Percent of People with Each Score
Percentile by Number Answered
Your Score History
You have not taken this quiz